000 01100nam a22003737a 4500
003 CHAP
005 20220817044054.0
008 060120d it rn 00110 eng d
010 _a91569
011 _a92541
020 _a9251053251
035 _a103106
040 _cCHAP
082 0 4 _a639.2
_bF3 v.472
110 2 _aFAO
245 1 0 _aImpacts of trawling and scallop dredging on benthic habitats and communities
_c/by Svein Lokkeborg
260 _aRome :
_bFAO,
_c2005.
300 _a58 p. :
410 0 0 _aFAO
490 0 _aDocumento técnico de pesca
_v; 472
590 _aBATCH-UPD
_b10
_c20130110
_lUCH01
_h0814
590 _aBATCH-UPD
_b10
_c20130410
_lUCH01
_h0451
590 _aBATCH-UPD
_b10
_c20130914
_lUCH01
_h1215
590 _aCONVERSION
_b10
_c20130109
_lUCH01
_h1351
650 1 4 _aPesca.
650 1 4 _aRedes de pesca.
_995383
700 0 _aLokkeborg, S.
_967500
810 0 _aFAO
830 0 0 _aDocumento técnico de pesca
_v; 472
_933242
901 _aBK
905 _aLilia
942 _cLIBRO
949 _a639.2 F3 v.472
_bBC
_cFAO
_d33724000968178
_eFAO1
_h107612
_i103106
_sb
999 _c91569
_d91569